[Event "Verbandsliga 2019-20"]
[Site "MVP"]
[Date "2019.09.29"]
[Round "1.1"]
[White "Fischer, Torsten"]
[Black "Roehl, Rainer"]
[Result "1/2-1/2"]
[WhiteElo "2026"]
[BlackElo "2033"]
[PlyCount "59"]
[EventDate "2019.09.29"]
[EventType "team-tourn"]
[EventRounds "9"]
[WhiteTeam "SF Schwerin III"]
[BlackTeam "SF Schwerin II"]
[WhiteTeamCountry "GER"]
[BlackTeamCountry "GER"]

1. e4 c5 2. Nf3 g6 3. c3 Bg7 4. d4 cxd4 5. cxd4 d5 6. exd5 Nf6 7. Bb5+ Nbd7 8.
O-O O-O 9. d6 exd6 10. Bf4 Nb6 11. h3 a6 12. Be2 Be6 13. Nbd2 Bd5 14. b3 Nh5
15. Bh2 Rc8 16. Rc1 Qf6 17. Nc4 Nxc4 18. bxc4 Be4 19. Qd2 b5 20. Qg5 bxc4 21.
Rxc4 Rxc4 22. Bxc4 Bxf3 23. Qxf6 Bxf6 24. gxf3 Bxd4 25. Bxd6 Rc8 26. Rc1 Kg7
27. Rc2 Nf6 28. Bb3 Rxc2 29. Bxc2 a5 30. Bb3 1/2-1/2

[Event "Verbandsliga 2019-20"]
[Site "MVP"]
[Date "2019.09.29"]
[Round "1.2"]
[White "Wandel, Bernd"]
[Black "Kross, Gunnar"]
[Result "0-1"]
[WhiteElo "2064"]
[BlackElo "2049"]
[PlyCount "80"]
[EventDate "2019.09.29"]
[EventType "team-tourn"]
[EventRounds "9"]
[WhiteTeam "SF Schwerin II"]
[BlackTeam "SF Schwerin III"]
[WhiteTeamCountry "GER"]
[BlackTeamCountry "GER"]

1. d4 Nf6 2. c4 e6 3. Nf3 d5 4. Nc3 c6 5. Bg5 Be7 6. e3 Nbd7 7. Qc2 b6 8. Rd1
Bb7 9. Bd3 Rc8 10. O-O dxc4 11. Bxc4 Nd5 12. Bxe7 Qxe7 13. e4 Nxc3 14. Qxc3 O-O
15. Rfe1 Nf6 16. Qb3 Rfd8 17. h3 g6 18. Ne5 b5 19. Bf1 a6 20. Qg3 c5 21. dxc5
Nxe4 22. Qf4 Nxc5 23. Ng4 h5 24. Ne5 Nd7 25. Nd3 Qf6 26. Qg3 h4 27. Qe3 Rc4 28.
Qa7 Rc7 29. Qe3 Rdc8 30. Nf4 e5 31. Nd5 Bxd5 32. Rxd5 Qf4 33. Qd3 Qf5 34. Qe3
Qf4 35. Qd3 Nc5 36. Qc3 Ne4 37. Qe3 Qxe3 38. Rxe3 f5 39. Rxe5 Rc1 40. Re2 Ra1
0-1

[Event "Verbandsliga 2019-20"]
[Site "MVP"]
[Date "2019.09.29"]
[Round "1.3"]
[White "Schumacher, Ole"]
[Black "Jung, Werner"]
[Result "1-0"]
[WhiteElo "1711"]
[BlackElo "2042"]
[Annotator "User"]
[PlyCount "73"]
[EventDate "2019.09.29"]
[EventType "team-tourn"]
[EventRounds "9"]
[WhiteTeam "SF Schwerin III"]
[BlackTeam "SF Schwerin II"]
[WhiteTeamCountry "GER"]
[BlackTeamCountry "GER"]

1. d4 c5 2. d5 d6 3. c4 g6 4. Nc3 Bg7 5. Qc2 Na6 6. a3 Nf6 7. Nf3 O-O 8. e4 Bd7
9. Be2 Nc7 10. O-O a6 11. a4 a5 12. h3 Na6 13. Bf4 h6 14. e5 dxe5 15. Nxe5 Bf5
16. Qd2 g5 17. Bh2 Ne4 18. Nxe4 Bxe4 19. f3 Bf5 20. f4 f6 21. Ng4 Nb4 22. fxg5
fxg5 23. Ne3 Bd4 24. Kh1 Bxe3 25. Qxe3 Nc2 26. Qe5 Nxa1 27. Rxf5 Ra6 28. Rxg5+
hxg5 29. Qxg5+ Kh8 30. Be5+ Rff6 31. Bd3 Qb6 32. Bf5 (32. Qg6) 32... Nb3 33. d6
Qb4 34. Bxf6+ exf6 35. Qxf6+ Kg8 36. Qe6+ Kh8 37. Qh6+ 1-0

[Event "Verbandsliga 2019-20"]
[Site "MVP"]
[Date "2019.09.29"]
[Round "1.5"]
[White "Kupfernagel, Michael"]
[Black "Kunze, Kerstin"]
[Result "1/2-1/2"]
[WhiteElo "2030"]
[BlackElo "2033"]
[PlyCount "42"]
[EventDate "2019.09.29"]
[EventType "team-tourn"]
[EventRounds "9"]
[WhiteTeam "SF Schwerin III"]
[BlackTeam "SF Schwerin II"]
[WhiteTeamCountry "GER"]
[BlackTeamCountry "GER"]

1. d4 d5 2. Nc3 c5 3. Nf3 e6 4. e3 Nf6 5. Be2 Be7 6. O-O Nc6 7. Re1 O-O 8. Bf1
b6 9. a3 Bb7 10. b3 Rc8 11. Bb2 Bd6 12. Nb1 Ne4 13. Nbd2 Qc7 14. g3 Nxd2 15.
Qxd2 e5 16. dxe5 Nxe5 17. Nxe5 Bxe5 18. Bxe5 Qxe5 19. Bg2 Rfd8 20. c3 h6 21.
Rad1 Qe7 1/2-1/2

[Event "Verbandsliga 2019-20"]
[Site "MVP"]
[Date "2019.09.29"]
[Round "1.8"]
[White "Voll, Andreas"]
[Black "Neubert, Conrad"]
[Result "1-0"]
[WhiteElo "1880"]
[BlackElo "1722"]
[PlyCount "49"]
[EventDate "2019.09.29"]
[EventType "team-tourn"]
[EventRounds "9"]
[WhiteTeam "SF Schwerin II"]
[BlackTeam "SF Schwerin III"]
[WhiteTeamCountry "GER"]
[BlackTeamCountry "GER"]

1. e4 e6 2. d4 d5 3. Nc3 Nf6 4. e5 Nfd7 5. Nf3 c5 6. dxc5 Bxc5 7. Bd3 Nc6 8.
Qe2 a6 9. O-O Nb4 10. a3 Nxd3 11. cxd3 b5 12. d4 Be7 13. Bf4 b4 14. axb4 a5 15.
b5 O-O 16. Rfc1 Nb6 17. b3 Bd7 18. Na4 Nc8 19. Nc5 Be8 20. b4 Na7 21. Rxa5 Bxb5
22. Rxb5 Nxb5 23. Qxb5 Rb8 24. Qa4 Qb6 25. Nd7 1-0

[Event "Verbandsliga 2019-20"]
[Site "MVP"]
[Date "2019.09.29"]
[Round "1.1"]
[White "Stoevesand, Peter"]
[Black "Schmekel, Florian"]
[Result "1-0"]
[WhiteElo "1754"]
[BlackElo "2102"]
[PlyCount "85"]
[EventDate "2019.09.29"]
[EventType "team-tourn"]
[EventRounds "9"]
[WhiteTeam "SG Neubrandenburg"]
[BlackTeam "SAV Torgelow"]
[WhiteTeamCountry "GER"]
[BlackTeamCountry "GER"]

1. e4 c5 2. Nf3 Nc6 3. d4 cxd4 4. Nxd4 g6 5. Nc3 Bg7 6. Be3 Nf6 7. Be2 O-O 8.
Qd2 d5 9. exd5 Nxd5 10. Nxc6 bxc6 11. Nxd5 cxd5 12. c3 a5 13. Rd1 e6 14. O-O
Qc7 15. h4 Ba6 16. Rfe1 Bxe2 17. Rxe2 Qc4 18. h5 Qxa2 19. h6 Bh8 20. Bd4 Qc4
21. b3 Qc6 22. Rde1 Ra6 23. Bxh8 Kxh8 24. Qd4+ e5 25. Rxe5 Qf6 26. Re8 Kg8 27.
Qxd5 Re6 28. Rxf8+ Kxf8 29. Rxe6 fxe6 30. Qxa5 g5 31. Qa8+ Ke7 32. Qa7+ Ke8 33.
Qxh7 Qf4 34. Qc2 g4 35. h7 Qh6 36. g3 Kf7 37. b4 Kg7 38. b5 e5 39. c4 Qe6 40.
Qe4 Qd6 41. Kg2 Qc7 42. Qc6 Qf7 43. Qd5 1-0

[Event "Verbandsliga 2019-20"]
[Site "MVP"]
[Date "2019.09.29"]
[Round "1.2"]
[White "Zentgraf, Robert"]
[Black "Stoevesand, Eric"]
[Result "1-0"]
[WhiteElo "2171"]
[BlackElo "1910"]
[PlyCount "165"]
[EventDate "2019.09.29"]
[EventType "team-tourn"]
[EventRounds "9"]
[WhiteTeam "SAV Torgelow"]
[BlackTeam "SG Neubrandenburg"]
[WhiteTeamCountry "GER"]
[BlackTeamCountry "GER"]

1. Nf3 d5 2. d4 Nf6 3. c4 e6 4. g3 Be7 5. Bg2 Nbd7 6. O-O b6 7. Ne5 Bb7 8. Qa4
c5 9. dxc5 bxc5 10. cxd5 exd5 11. Nc3 O-O 12. Nxd7 Nxd7 13. Rd1 Nb6 14. Qb3 Bf6
15. Nxd5 Bxd5 16. Bxd5 Nxd5 17. Rxd5 Qa5 18. Bd2 Qb6 19. Qc2 Bxb2 20. Rb1 Qe6
21. Rxc5 Bd4 22. Rc4 Rfd8 23. e3 Bb6 24. Rc1 h6 25. Bb4 Rd5 26. Rc8+ Rxc8 27.
Qxc8+ Qxc8 28. Rxc8+ Kh7 29. Rc2 Kg6 30. Kg2 f6 31. Kf3 Rf5+ 32. Ke2 Rh5 33. h4
Rb5 34. Bd2 Kf5 35. f3 Rb1 36. e4+ Ke6 37. Be3 Bxe3 38. Kxe3 Kd6 39. h5 Rb5 40.
g4 Ra5 41. Kf4 Ra3 42. Rb2 a5 43. Rc2 a4 44. Kg3 Ke5 45. Rd2 Ke6 46. Kf4 Ke7
47. Rb2 Ke6 48. Rb6+ Ke7 49. Ra6 Kf7 50. e5 fxe5+ 51. Kxe5 Rxa2 52. Kf5 Re2 53.
Rxa4 Re7 54. f4 Rc7 55. Ra5 Rb7 56. Ke5 Rd7 57. Rc5 Re7+ 58. Kd6 Re4 59. Rf5+
Kg8 60. Kd5 Ra4 61. g5 hxg5 62. fxg5 Ra5+ 63. Ke6 Ra6+ 64. Ke5 Ra5+ 65. Kf4
Ra4+ 66. Kg3 Ra3+ 67. Kg4 Ra4+ 68. Rf4 Ra5 69. Re4 Rb5 70. Kf4 Kf7 71. Re5 Rb1
72. Rc5 Rf1+ 73. Kg3 Rg1+ 74. Kh2 Rd1 75. Rc7+ Kf8 76. Kg3 Rg1+ 77. Kf4 Rf1+
78. Ke5 Ra1 79. Rc8+ Ke7 80. h6 gxh6 81. gxh6 Ra5+ 82. Kd4 Rh5 83. h7 1-0

[Event "Verbandsliga 2019-20"]
[Site "MVP"]
[Date "2019.09.29"]
[Round "1.3"]
[White "Schulz, Daniel"]
[Black "Bauer, Norbert"]
[Result "0-1"]
[WhiteElo "1817"]
[BlackElo "2054"]
[PlyCount "98"]
[EventDate "2019.09.29"]
[EventType "team-tourn"]
[EventRounds "9"]
[WhiteTeam "SG Neubrandenburg"]
[BlackTeam "SAV Torgelow"]
[WhiteTeamCountry "GER"]
[BlackTeamCountry "GER"]

1. e4 c5 2. c3 d5 3. exd5 Qxd5 4. d4 Nc6 5. Nf3 Bg4 6. Be2 cxd4 7. cxd4 e6 8.
O-O Nf6 9. Nc3 Qd6 10. a3 Be7 11. Qb3 O-O 12. Be3 a6 13. Rfd1 Rfd8 14. Rac1 b5
15. Qc2 Bf5 16. Qd2 Nd5 17. Nxd5 Qxd5 18. Ng5 Bxg5 19. Bxg5 f6 20. Bf3 Be4 21.
Bxe4 Qxe4 22. Be3 Ne7 23. f3 Qb7 24. Bf2 Rac8 25. Qe2 Qd7 26. Re1 Rxc1 27. Rxc1
Rc8 28. Rc5 Kf7 29. Qc2 h6 30. h4 a5 31. Qe2 Rxc5 32. dxc5 a4 33. h5 Nd5 34.
Qc2 Qc6 35. Qe4 Ne7 36. Qc2 Qd5 37. Kf1 Nc6 38. Qe2 Qb3 39. Qe4 Qd1+ 40. Be1
Qd5 41. Qxd5 exd5 42. Ke2 Ke6 43. Kd3 d4 44. Bg3 Kd5 45. Bd6 Nd8 46. Be7 Ne6
47. c6 Nf4+ 48. Kd2 Kxc6 49. g4 Kd5 0-1

[Event "Verbandsliga 2019-20"]
[Site "MVP"]
[Date "2019.09.29"]
[Round "1.4"]
[White "Ehlers, Michael"]
[Black "Pruesse, Horst"]
[Result "0-1"]
[WhiteElo "1941"]
[BlackElo "2044"]
[PlyCount "54"]
[EventDate "2019.09.29"]
[EventType "team-tourn"]
[EventRounds "9"]
[WhiteTeam "SAV Torgelow"]
[BlackTeam "SG Neubrandenburg"]
[WhiteTeamCountry "GER"]
[BlackTeamCountry "GER"]

1. e4 e6 2. d3 d5 3. Nd2 Nf6 4. g3 dxe4 5. dxe4 Nc6 6. Bg2 Bc5 7. Ngf3 e5 8.
O-O O-O 9. c3 a5 10. Qc2 Qe7 11. Nc4 b5 12. Ne3 Be6 13. Nd5 Bxd5 14. exd5 Nb8
15. Re1 Nbd7 16. Nxe5 Nxe5 17. Bf4 Nfd7 18. d6 cxd6 19. Bxa8 Rxa8 20. Qe4 Re8
21. Rad1 Nf6 22. Qg2 Nfg4 23. Rf1 Nxf2 24. Rxf2 Ng4 25. Rdf1 Nxf2 26. Rxf2 Qe1+
27. Qf1 Bxf2+ 0-1

[Event "Verbandsliga 2019-20"]
[Site "MVP"]
[Date "2019.09.29"]
[Round "1.5"]
[White "Hoerhold, Martin"]
[Black "Bress, Aaron"]
[Result "0-1"]
[WhiteElo "1828"]
[BlackElo "1793"]
[PlyCount "52"]
[EventDate "2019.09.29"]
[EventType "team-tourn"]
[EventRounds "9"]
[WhiteTeam "SG Neubrandenburg"]
[BlackTeam "SAV Torgelow"]
[WhiteTeamCountry "GER"]
[BlackTeamCountry "GER"]

1. d4 Nf6 2. c4 g6 3. Nc3 d5 4. cxd5 Nxd5 5. e4 Nxc3 6. bxc3 Bg7 7. Bc4 O-O 8.
Ne2 c5 9. Be3 Nc6 10. O-O Bg4 11. f3 cxd4 12. cxd4 Na5 13. Bxf7+ Rxf7 14. fxg4
Rxf1+ 15. Kxf1 Qd7 16. h3 Qe6 17. Qd3 Nc4 18. Bf4 Rf8 19. Kg1 b5 20. Rf1 Qb6
21. Rf2 e5 22. dxe5 g5 23. Qd5+ Kh8 24. Bg3 Nxe5 25. Kh1 Rxf2 26. Bxf2 Qxf2 0-1

[Event "Verbandsliga 2019-20"]
[Site "MVP"]
[Date "2019.09.29"]
[Round "1.6"]
[White "Grossmann, Piet"]
[Black "Rossmann, Andreas"]
[Result "1/2-1/2"]
[WhiteElo "1818"]
[BlackElo "2073"]
[PlyCount "110"]
[EventDate "2019.09.29"]
[EventType "team-tourn"]
[EventRounds "9"]
[WhiteTeam "SAV Torgelow"]
[BlackTeam "SG Neubrandenburg"]
[WhiteTeamCountry "GER"]
[BlackTeamCountry "GER"]

1. e4 c5 2. Nf3 Nc6 3. c3 d5 4. exd5 Qxd5 5. d4 e5 6. Nxe5 Nxe5 7. dxe5 Qxe5+
8. Qe2 Qxe2+ 9. Bxe2 Bd7 10. Bf4 Bc6 11. O-O Nf6 12. Re1 O-O-O 13. Na3 Nd5 14.
Bg4+ Bd7 15. Bxd7+ Kxd7 16. Rad1 Kc8 17. Bg3 Nc7 18. Rxd8+ Kxd8 19. Nc4 f6 20.
a4 g6 21. Kf1 h5 22. Bxc7+ Kxc7 23. Re6 Rg8 24. Rxf6 Bh6 25. Ke2 Rg7 26. Ne3
Bg5 27. Re6 Kd7 28. Re5 Be7 29. Rd5+ Kc6 30. Rd1 Bd6 31. h3 Rf7 32. c4 Be5 33.
b3 Bd4 34. Rd3 a6 35. Rd2 Re7 36. Rd1 Rf7 37. Rf1 Re7 38. Kd3 Rf7 39. Ke2 Re7
40. g4 hxg4 41. hxg4 Kd6 42. Kd3 Rh7 43. Nc2 Rh3+ 44. f3 Bf6 45. Ke4 Rh2 46.
Rd1+ Ke6 47. Ne3 Bd4 48. Rd3 g5 49. f4 gxf4 50. Kxf4 Be5+ 51. Ke4 Rf2 52. Rd5
Rf4+ 53. Kd3 Bd4 54. Nf5 Be5 55. Ne3 Bd4 1/2-1/2

[Event "Verbandsliga 2019-20"]
[Site "MVP"]
[Date "2019.09.29"]
[Round "1.8"]
[White "Bress, Amy Charlize"]
[Black "Hartung, Lothar"]
[Result "0-1"]
[WhiteElo "1473"]
[BlackElo "1868"]
[PlyCount "112"]
[EventDate "2019.09.29"]
[EventType "team-tourn"]
[EventRounds "9"]
[WhiteTeam "SAV Torgelow"]
[BlackTeam "SG Neubrandenburg"]
[WhiteTeamCountry "GER"]
[BlackTeamCountry "GER"]

1. e4 c5 2. Nf3 e6 3. d4 cxd4 4. Nxd4 a6 5. Nc3 Qc7 6. Bd3 b5 7. a3 Bb7 8. O-O
Nf6 9. Bd2 Be7 10. Qe2 Nc6 11. Nxc6 Bxc6 12. e5 Nd5 13. Nxd5 Bxd5 14. Rfe1 Qb7
15. Be4 Bxe4 16. Qxe4 Qxe4 17. Rxe4 d5 18. exd6 Bxd6 19. f4 Rc8 20. Bc3 O-O 21.
g3 Bc5+ 22. Kg2 Rfd8 23. Ree1 Rc6 24. Red1 Rcd6 25. Rxd6 Rxd6 26. Kf3 f6 27.
Ke2 Kf7 28. Re1 Rd5 29. Kf3 Bd6 30. Ke4 Rc5 31. Rd1 Rc6 32. Rd2 Ke7 33. Bd4 Rc4
34. b3 Rc6 35. Bb2 Bc5 36. Kf3 Bb6 37. Ke4 Ba5 38. b4 Bb6 39. Bd4 Rc4 40. c3
Bxd4 41. cxd4 Rc3 42. Rd3 Rc2 43. h3 Kd6 44. g4 g6 45. Re3 Rc4 46. Kd3 Kd5 47.
Re4 Rc1 48. Re3 Rd1+ 49. Ke2 Rxd4 50. Kf3 e5 51. fxe5 fxe5 52. Kg3 e4 53. Kf4
Rd1 54. Re2 Rf1+ 55. Kg3 Rf3+ 56. Kg2 Rxa3 0-1

[Event "Verbandsliga 2019-20"]
[Site "MVP"]
[Date "2019.09.29"]
[Round "1.1"]
[White "Reyer, Ulli"]
[Black "Lehmann, Ruben"]
[Result "1-0"]
[WhiteElo "2119"]
[BlackElo "1954"]
[PlyCount "61"]
[EventDate "2019.09.29"]
[EventType "team-tourn"]
[EventRounds "9"]
[WhiteTeam "Greifswalder SV II"]
[BlackTeam "HSG Stralsund"]
[WhiteTeamCountry "GER"]
[BlackTeamCountry "GER"]

1. e4 c6 2. d4 d5 3. Nc3 dxe4 4. Nxe4 Nd7 5. Bd3 Ngf6 6. Ng5 e6 7. N1f3 Bd6 8.
Qe2 Qe7 9. O-O O-O 10. Re1 h6 11. Ne4 Nxe4 12. Qxe4 Nf6 13. Qh4 Nd5 14. Qe4 f5
15. Qe2 g5 16. Ne5 Qg7 17. g3 g4 18. c4 Nb4 19. Bb1 c5 20. Bf4 cxd4 21. Qd2 Qc7
22. Qxd4 Rd8 23. a3 Na6 24. Qc3 b6 25. Bc2 Bb7 26. Bxh6 Rac8 27. Ng6 Kh7 28.
Rxe6 Qf7 29. Bxf5 Kxh6 30. Nh4+ Qxe6 31. Bxe6 1-0

[Event "Verbandsliga 2019-20"]
[Site "MVP"]
[Date "2019.09.29"]
[Round "1.3"]
[White "Troyke, Jannis"]
[Black "Mehl, Ronald"]
[Result "1/2-1/2"]
[WhiteElo "1772"]
[BlackElo "2099"]
[PlyCount "86"]
[EventDate "2019.09.29"]
[EventType "team-tourn"]
[EventRounds "9"]
[WhiteTeam "Greifswalder SV II"]
[BlackTeam "HSG Stralsund"]
[WhiteTeamCountry "GER"]
[BlackTeamCountry "GER"]

1. e4 c5 2. Nf3 e6 3. d4 cxd4 4. Nxd4 a6 5. Nc3 Qc7 6. g3 Nf6 7. Bg2 Nc6 8. O-O
d6 9. Re1 Be7 10. Nxc6 bxc6 11. e5 dxe5 12. Rxe5 Bb7 13. Re1 O-O 14. Bf4 Qa5
15. a3 Nd5 16. Nxd5 cxd5 17. Bd2 Qd8 18. Bc3 Bf6 19. Bxf6 Qxf6 20. c4 Rab8 21.
cxd5 Bxd5 22. b4 Rfd8 23. Qe2 Bxg2 24. Kxg2 Rd6 25. Rac1 g6 26. Qe5 Qd8 27. Rc2
Rd5 28. Qc7 Qxc7 29. Rxc7 a5 30. Rec1 axb4 31. Rc8+ Rxc8 32. Rxc8+ Kg7 33. axb4
Rb5 34. Rc4 e5 35. f4 exf4 36. gxf4 g5 37. Rc5 Rxb4 38. Rxg5+ Kf6 39. Kg3 h6
40. Ra5 Kg6 41. Kg4 h5+ 42. Rxh5 Rxf4+ 43. Kxf4 Kxh5 1/2-1/2

[Event "Verbandsliga 2019-20"]
[Site "MVP"]
[Date "2019.09.29"]
[Round "1.4"]
[White "Wichert, Till"]
[Black "Schwahn, Christian"]
[Result "1-0"]
[WhiteElo "2020"]
[BlackElo "1973"]
[PlyCount "57"]
[EventDate "2019.09.29"]
[EventType "team-tourn"]
[EventRounds "9"]
[WhiteTeam "HSG Stralsund"]
[BlackTeam "Greifswalder SV II"]
[WhiteTeamCountry "GER"]
[BlackTeamCountry "GER"]

1. c4 Nf6 2. g3 c6 3. Bg2 d5 4. Nf3 g6 5. O-O Bg7 6. d3 O-O 7. Qc2 Re8 8. Bf4
Nbd7 9. cxd5 Nxd5 10. Bd2 e5 11. Nc3 Nxc3 12. bxc3 Nc5 13. d4 Bf5 14. Qb2 exd4
15. cxd4 Rxe2 16. Qb4 Ne4 17. Be3 b5 18. Ne5 a5 19. Qb3 a4 20. Qxf7+ Kh8 21. g4
Nd6 22. gxf5 Bxe5 23. Qe6 Bf4 24. f6 Nf5 25. Qf7 Qd6 26. Bxf4 Qxf4 27. Rae1
Rxe1 28. Rxe1 Qxd4 29. Re8+ 1-0

[Event "Verbandsliga 2019-20"]
[Site "MVP"]
[Date "2019.09.29"]
[Round "1.5"]
[White "Gwiazda, Slawomir"]
[Black "Paulowitz, Bernd-Rainer"]
[Result "0-1"]
[WhiteElo "1960"]
[BlackElo "1904"]
[PlyCount "64"]
[EventDate "2019.09.29"]
[EventType "team-tourn"]
[EventRounds "9"]
[WhiteTeam "Greifswalder SV II"]
[BlackTeam "HSG Stralsund"]
[WhiteTeamCountry "GER"]
[BlackTeamCountry "GER"]

1. d4 Nf6 2. Bg5 c6 3. e3 Qa5+ 4. Nd2 Qxg5 5. Ngf3 Qa5 6. Bd3 d5 7. O-O Bg4 8.
c4 Nbd7 9. Qb3 Bxf3 10. Nxf3 Qb6 11. Qc2 dxc4 12. Bxc4 e6 13. e4 Be7 14. d5
exd5 15. e5 Ne4 16. Bd3 Ndc5 17. e6 fxe6 18. Ne5 Bf6 19. Nc4 Qc7 20. f3 Bd4+
21. Kh1 Ng3+ 22. hxg3 Qxg3 23. Bf5 dxc4 24. Qxc4 O-O 25. Bxh7+ Kxh7 26. Qxd4
Rf5 27. b4 Rg5 28. Rf2 Rh5+ 29. Kg1 Qh2+ 30. Kf1 Rd5 31. Qc3 Nd3 32. g4 Qxf2#
0-1

[Event "Verbandsliga 2019-20"]
[Site "MVP"]
[Date "2019.09.29"]
[Round "1.6"]
[White "Glawe, Hartmut"]
[Black "Sowada, Christoph"]
[Result "1/2-1/2"]
[WhiteElo "2017"]
[BlackElo "1952"]
[PlyCount "93"]
[EventDate "2019.09.29"]
[EventType "team-tourn"]
[EventRounds "9"]
[WhiteTeam "HSG Stralsund"]
[BlackTeam "Greifswalder SV II"]
[WhiteTeamCountry "GER"]
[BlackTeamCountry "GER"]

1. d4 f5 2. b3 Nf6 3. Bb2 g6 4. Nf3 Bg7 5. c4 d6 6. Nc3 c6 7. Qc2 O-O 8. g3 Qa5
9. a3 e5 10. e3 Re8 11. b4 Qc7 12. c5 e4 13. cxd6 Qxd6 14. Bc4+ Be6 15. Bxe6+
Qxe6 16. Ng5 Qc4 17. Rc1 Nbd7 18. Qd1 h6 19. Nh3 Qf7 20. Nf4 g5 21. Ng2 Nb6 22.
Qc2 Nfd5 23. Ne2 a5 24. bxa5 Rxa5 25. Ra1 Rea8 26. O-O Bf8 27. g4 Bxa3 28. Bxa3
Rxa3 29. Rxa3 Rxa3 30. gxf5 Nf6 31. Ng3 Qc4 32. Qxc4+ Nxc4 33. h4 Nd2 34. Rc1
Nf3+ 35. Kf1 gxh4 36. Ne2 Ra5 37. Ngf4 Rxf5 38. Ra1 Nd5 39. Ra8+ Rf8 40. Ra7
Rf7 41. Ne6 h3 42. Ng3 Nh2+ 43. Kg1 Nf3+ 44. Kf1 Ng5 45. Ra8+ Kh7 46. Nf8+ Kg8
47. Ne6+ 1/2-1/2

[Event "Verbandsliga 2019-20"]
[Site "MVP"]
[Date "2019.09.29"]
[Round "1.7"]
[White "Valet, Richard"]
[Black "Kohn, Andreas"]
[Result "1-0"]
[WhiteElo "2051"]
[BlackElo "1958"]
[PlyCount "77"]
[EventDate "2019.09.29"]
[EventType "team-tourn"]
[EventRounds "9"]
[WhiteTeam "Greifswalder SV II"]
[BlackTeam "HSG Stralsund"]
[WhiteTeamCountry "GER"]
[BlackTeamCountry "GER"]

1. e4 e6 2. d4 d5 3. e5 c5 4. c3 Nc6 5. Nf3 Qb6 6. a3 c4 7. g3 Nge7 8. h4 Bd7
9. Nbd2 Na5 10. Bh3 Rc8 11. O-O Ng6 12. h5 Ne7 13. Nh4 g5 14. Ng2 h6 15. Ne3
Bg7 16. Ng4 Nf5 17. Kh2 Qd8 18. Nf3 Nb3 19. Rb1 O-O 20. Nf6+ Bxf6 21. exf6 Qxf6
22. Ne5 Qe7 23. f4 Nxc1 24. Qxc1 Be8 25. fxg5 Qxg5 26. Qxg5+ hxg5 27. Bxf5 exf5
28. Rxf5 f6 29. Rbf1 Bxh5 30. Nd7 Kg7 31. Nxf8 Rxf8 32. Rxd5 Be2 33. Rd7+ Kg6
34. Rf2 Bd3 35. g4 Be4 36. Kg3 a6 37. d5 Re8 38. Rd6 Rf8 39. Re2 1-0

[Event "Verbandsliga 2019-20"]
[Site "MVP"]
[Date "2019.09.29"]
[Round "1.8"]
[White "Kohn, Thomas"]
[Black "Dombrowski, Frank"]
[Result "1-0"]
[WhiteElo "1964"]
[BlackElo "1950"]
[PlyCount "125"]
[EventDate "2019.09.29"]
[EventType "team-tourn"]
[EventRounds "9"]
[WhiteTeam "HSG Stralsund"]
[BlackTeam "Greifswalder SV II"]
[WhiteTeamCountry "GER"]
[BlackTeamCountry "GER"]

1. Nf3 c6 2. e4 d5 3. exd5 cxd5 4. d4 Nf6 5. c3 Qc7 6. Ne5 e6 7. Nd2 Nbd7 8.
Ndf3 Bd6 9. Nxd7 Bxd7 10. Bd3 h6 11. O-O O-O 12. Re1 b5 13. Ne5 Rfb8 14. Qf3
Qd8 15. Qg3 Nh5 16. Qh3 Nf6 17. Re3 Be8 18. Rg3 Kf8 19. Bxh6 gxh6 20. Qxh6+ Ke7
21. Qg5 Kf8 22. Qg7+ Ke7 23. Rf3 Bxe5 24. dxe5 Ne4 25. Rd1 Nc5 26. Bg6 Kd7 27.
b4 Kc6 28. Bxf7 Bxf7 29. Qxf7 Rb7 30. Qg6 Qg8 31. Qxg8 Rxg8 32. bxc5 Rg5 33.
Re3 Rg4 34. Rd4 Rbg7 35. Rg3 Rxg3 36. hxg3 Rg5 37. g4 Kxc5 38. Kf1 a5 39. a3
Kc6 40. f4 Rxg4 41. Kf2 Kd7 42. g3 Rg8 43. a4 Kc6 44. Kf3 bxa4 45. Rxa4 Kb5 46.
Ra3 a4 47. g4 Rf8 48. g5 d4 49. cxd4 Kb4 50. Ra1 a3 51. Ke4 Kb3 52. g6 a2 53.
g7 Rg8 54. d5 exd5+ 55. Kxd5 Rxg7 56. e6 Kb2 57. Rxa2+ Kxa2 58. f5 Rg5 59. Ke5
Kb3 60. e7 Rg2 61. Ke6 Re2+ 62. Kf7 Rf2 63. f6 1-0

[Event "Verbandsliga 2019-20"]
[Site "MVP"]
[Date "2019.09.29"]
[Round "1.2"]
[White "Littke, Helmut"]
[Black "Boehme, Andy"]
[Result "1/2-1/2"]
[WhiteElo "2056"]
[BlackElo "2058"]
[PlyCount "28"]
[EventDate "2019.09.29"]
[EventType "team-tourn"]
[EventRounds "9"]
[WhiteTeam "ASV Wismar"]
[BlackTeam "BW Grevesmuehlen"]
[WhiteTeamCountry "GER"]
[BlackTeamCountry "GER"]

1. d4 Nf6 2. Nf3 b6 3. g3 Bb7 4. Bg2 g6 5. c4 Bg7 6. O-O O-O 7. Nc3 Ne4 8. Nxe4
Bxe4 9. Nh4 Bxg2 10. Nxg2 d6 11. e4 Nc6 12. Be3 Na5 13. Qc2 Nc6 14. Rad1 Qc8
1/2-1/2

[Event "Verbandsliga 2019-20"]
[Site "MVP"]
[Date "2019.09.29"]
[Round "1.3"]
[White "Naujok, Joerg"]
[Black "Junggebauer, Thomas"]
[Result "1/2-1/2"]
[WhiteElo "2055"]
[BlackElo "2000"]
[PlyCount "29"]
[EventDate "2019.09.29"]
[EventType "team-tourn"]
[EventRounds "9"]
[WhiteTeam "BW Grevesmuehlen"]
[BlackTeam "ASV Wismar"]
[WhiteTeamCountry "GER"]
[BlackTeamCountry "GER"]

1. Nf3 Nf6 2. g3 b6 3. Bg2 Bb7 4. O-O d6 5. d3 Nbd7 6. e4 c5 7. a4 e6 8. Nc3
Be7 9. Bf4 O-O 10. Re1 a6 11. e5 dxe5 12. Nxe5 Bxg2 13. Kxg2 Nxe5 14. Bxe5 Nd7
15. d4 1/2-1/2

[Event "Verbandsliga 2019-20"]
[Site "MVP"]
[Date "2019.09.29"]
[Round "1.5"]
[White "Hausmann, Marcus"]
[Black "Bahr, Enrico"]
[Result "1/2-1/2"]
[WhiteElo "1916"]
[BlackElo "2003"]
[PlyCount "24"]
[EventDate "2019.09.29"]
[EventType "team-tourn"]
[EventRounds "9"]
[WhiteTeam "BW Grevesmuehlen"]
[BlackTeam "ASV Wismar"]
[WhiteTeamCountry "GER"]
[BlackTeamCountry "GER"]

1. d4 Nf6 2. Bf4 g6 3. e3 Bg7 4. Nd2 d6 5. h4 Bf5 6. Be2 h5 7. Ngf3 Nbd7 8. c3
c6 9. Qb3 Qb6 10. O-O O-O 11. Rfe1 Rfe8 12. Bg3 Bg4 1/2-1/2

[Event "Verbandsliga 2019-20"]
[Site "MVP"]
[Date "2019.09.29"]
[Round "1.6"]
[White "Schulz, Bernd"]
[Black "Streit, Bodo"]
[Result "1/2-1/2"]
[WhiteElo "1906"]
[BlackElo "1872"]
[PlyCount "103"]
[EventDate "2019.09.29"]
[EventType "team-tourn"]
[EventRounds "9"]
[WhiteTeam "ASV Wismar"]
[BlackTeam "BW Grevesmuehlen"]
[WhiteTeamCountry "GER"]
[BlackTeamCountry "GER"]

1. e4 e5 2. Nf3 Nc6 3. Bc4 Bc5 4. c3 d6 5. d4 exd4 6. cxd4 Bb4+ 7. Nc3 h6 8.
Qb3 Qf6 9. O-O Bxc3 10. bxc3 Nge7 11. e5 dxe5 12. Nxe5 Nxe5 13. dxe5 Qg6 14.
Ba3 Bd7 15. Bxe7 Bc6 16. Bd5 Kxe7 17. Qb4+ Ke8 18. Bxc6+ Qxc6 19. Rab1 b6 20.
f4 a5 21. Qd4 Rd8 22. Qe3 h5 23. Rbd1 Ke7 24. f5 Rxd1 25. Qg5+ Kd7 26. Rxd1+
Kc8 27. Qxg7 Qc5+ 28. Kh1 Re8 29. e6 Qe7 30. Qxf7 Qxf7 31. exf7 Rf8 32. h3 h4
33. Rd4 Rxf7 34. Rxh4 Rxf5 35. Rd4 c5 36. Re4 b5 37. h4 b4 38. cxb4 axb4 39.
Re2 Rf4 40. g3 Rd4 41. h5 c4 42. h6 Rd7 43. Rh2 c3 44. g4 Rd1+ 45. Kg2 c2 46.
h7 c1=Q 47. h8=Q+ Rd8 48. Qe5 Rd2+ 49. Kh3 Rd3+ 50. Kh4 Qh6+ 51. Qh5 Qf6+ 52.
Qg5 1/2-1/2

[Event "Verbandsliga 2019-20"]
[Site "MVP"]
[Date "2019.09.29"]
[Round "1.7"]
[White "Piske, Thomas"]
[Black "Podolskiy, Alexander"]
[Result "1/2-1/2"]
[WhiteElo "1944"]
[BlackElo "1970"]
[PlyCount "27"]
[EventDate "2019.09.29"]
[EventType "team-tourn"]
[EventRounds "9"]
[WhiteTeam "BW Grevesmuehlen"]
[BlackTeam "ASV Wismar"]
[WhiteTeamCountry "GER"]
[BlackTeamCountry "GER"]

1. e4 e5 2. Nf3 d6 3. Bc4 Be7 4. d3 Nf6 5. Nc3 Bg4 6. h3 Bh5 7. Nd5 Nxd5 8.
Bxd5 c6 9. Bb3 O-O 10. Be3 Nd7 11. Qd2 Kh8 12. g4 Bg6 13. h4 f6 14. O-O-O
1/2-1/2